Statistiken für Teileinheiten des Technischen Hilfswerks (THW)

Klicken Sie hier um das Quiz zu spielen!

Allgemein

  • Dieses Quiz wurde 36 mal gespielt
  • Das Durchschnittsergebnis liegt bei 21 aus 33

Antwortstatistiken

HintAntwort% Korrekt
Bergungsgruppe (B)
92%
Fachgruppe Notversorgung und Notinstandsetzung (FGr N)
88%
Fachgruppe Ortung (FGr O)
88%
Fachgruppe Räumen (FGr R)
88%
Fachgruppe Wasserschaden/Pumpen (FGr WP)
88%
Fachgruppe Wassergefahren (FGr W)
79%
Fachzug Führung/Kommunikation (FZ FK)Zugtrupp Fachzug Führung/Kommunikation (ZTr FZ FK)
79%
Fachzug Logistik (FZ Log)Zugtrupp Fachzug Logistik (ZTr FZ Log)
79%
Zugtrupp Technischer Zug (ZTr TZ)
79%
Fachgruppe Brückenbau (FGr BrB)
75%
Fachgruppe Infrastruktur (FGr I)
75%
Fachgruppe Sprengen (FGr Sp)
75%
SchnelleinsatzeinheitenSchnelleinsatzeinheit Bergung Ausland (SEEBA)
75%
Schnelleinsatzeinheit Wasser Ausland (SEEWA)
75%
Fachgruppe Ölschaden (FGr Öl)
71%
Fachgruppe Schwere Bergung (FGr SB)
71%
Fachgruppe Führungsunterstützung (FGr F)
67%
Fachgruppe Elektroversorgung (FGr E)
63%
Fachgruppe Kommunikation (FGr K)
63%
Fachgruppe Logistik-Verpflegung (FGr Log-V)
63%
Fachgruppe Logistik-Materialwirtschaft (FGr Log-MW)
58%
Fachgruppe Trinkwasserversorgung (FGr TW)
58%
Trupp Unbemannte Luftfahrtsysteme (Tr UL)
58%
Trupp Einsatzstellensicherung (Tr ESS)
54%
Trupp Schwerer Transport (Tr TS)
50%
Fachgruppe Bergungstauchen (FGr BT)
46%
Schnelleinsatzeinheit für Logistikabwicklung im Lufttransportfall (SEElift)
46%
Trupp Mobiler Hochwasserpegel (Tr MHP)
46%
Stabspersonal (Stab)
42%
sonstige EinheitenEinsatznachsorgeteam (ENT)
33%
Media Team (MT)
29%
Virtual Operations Support Team (VOST)
29%
System Bereitstellungsraum 500 (Sys BR500)
25%

Verteilung der Resultate

Perzentil nach korrekt beantworteten Fragen

Anzahl Personen mit jedem Resultat

Ihre Resultats-Entwicklung

Sie haben dieses Quiz noch nicht gespielt